00496 2200181 4500001002100000005001500021035002000036007000300056008004100059020002200100082001100122084002100133100004500154245002700199260005600226990001600282990001600298INLIS00000000000045120210426111758 a0010-0421000451ta210426 g 0 ind  a978-602-8086-29-5 a297.77 a297.77 DIR s.c.10 aDirjen Penmad, Dirjen Pendis, Kemenag RI1 aSoft Power of Madrasah aJakarta :bDirjen Penmad, Dirjen Pendis, Kemenag RI a00000005897 a2013/h/1443